{"text_format":"3","workbook":"xlsx","n_sheets":1,"sheets":["Sheet1"],"read":"whole","date_system":"1900"}

{"sheet":"Sheet1","index":0,"n_rows":15,"n_cols":9,"rows_kept":15,"merged":[[0,0,0,9],[1,8,1,9],[2,8,2,9],[3,8,3,9],[4,8,4,9],[5,8,5,9],[6,8,6,9],[7,8,7,9],[8,8,8,9],[9,8,9,9],[10,8,10,9]]}
["采购需求清单"]
["序号","名称","品牌","单位","规格","数量","单价\n（元）","小计\n（元）","备注"]
[1,"本科教学专业质量分析报告\n（网络与新媒体专业）","打印","本","210mm*297mm（18页+封面+胶包）",2,18,36,"按要求排版"]
[2,"本科教学专业质量分析报告\n（汉语言文学专业）","打印","本","210mm*297mm（26页+封面+胶包）",2,18,36,"按要求排版"]
[3,"本科教学专业质量分析报告\n（播音与主持艺术专业）","打印","本","210mm*297mm（18页+封面+胶包）",2,18,36,"按要求排版"]
[4,"文化传媒学院教学管理制度汇编","打印","本","210mm*297mm（154页+封面+胶包）",10,29,290,"按要求排版"]
[5,"文化传媒学院教学大纲\n（2025-2026学年）","打印","本","210mm*297mm（900页+封面+胶包）",1,980,980,"按要求排版"]
[6,"文化传媒学院教学大纲\n（2024-2025学年）","打印","本","210mm*297mm（1006页+封面+胶包）",1,1100,1100,"按要求排版"]
[7,"毕业论文","打印","张","210mm*297mm",105120,0.2,21024,"按要求打印包含彩色"]
[8,"抽杆文件夹",null,"个","210mm*297mm",1028,1,1028]
[9,"毕业论文","胶包","本","210mm*297mm",795,6,4770,"包含封面.（皮纹纸）"]
["合计",{"$nulls":6},{"$f":"SUM(H3:H11)","v":29300}]
["其他要求："]
[null,"1.要求2025年11月20日前完成；"]
[null,"2.验收合格后15个工作日内一次性付款。"]